| 000 | 00544nam a22001817a 4500 | ||
|---|---|---|---|
| 003 | OSt | ||
| 005 | 20150323094901.0 | ||
| 008 | 831102||||| ||| 000 0 spa | ||
| 010 | _a 83222635 | ||
| 040 | _cBMC | ||
| 082 | _a808.0687284 | ||
| 100 | 1 |
_aLópez Fortis, Tomás Guillermo _931730 |
|
| 245 | 1 | 0 |
_aCuentos de Camino Rial _cTomás Guillermo López Fortis |
| 260 |
_a[San Salvador], Zacatecoluca _b[Tomás Guillermo López] _c1982 |
||
| 300 |
_a1 folleto (49 p.) _c18 cm |
||
| 650 | 2 | 4 |
_929639 _aCuentos salvadoreños |
| 942 |
_2ddc _cBK |
||
| 999 |
_c18629 _d18629 |
||